Quizzes
Events
Quiz Creation
Community
Videos
Private Events
Remove Ads
Sign In
Join for FREE
Feedback
Dark Mode
Quiz Categories
Sports
Geography
Music
Movies
Television
Just For Fun
Miscellaneous
History
Literature
Language
Science
Gaming
Entertainment
Religion
Holiday
For Kids
Quiz Lab
Recent
Popular Today
Quiz Kudos Today
Editor Picks
Curator Picks
Quizzes by...
Day
Popularity
Type
Ratings
Length
Year
Community
Subscriptions
Recent Discussions
Orange Saloon
Badges
Playlists
Quests
Create
Leaderboards
Showdown
Live 5
Trivia Bingo
Activity
Puzzle Library
Sporcle Events
Private Events
Virtual Trivia
Globe League
Become a Host
Pub Owners
SporcleCon
Opinionation
Our Games
Videos
Blog
Mobile Apps
Partnerships
Remove Ads and Go Orange
Feedback
Music
Pop Music
The Beatles
Song
Album
Lyrics
Bands
Singers
Artist
Clip
Rock
Rap
Classical
Billboard
Country Music
Kpop
Taylor Swift
Music
Pop Music
The Beatles
Song
Album
Lyrics
Bands
Singers
Artist
Clip
Rock
Rap
Classical
Billboard
Country Music
Kpop
Taylor Swift
Random Quiz
Search Sporcle
×
Quiz Lab
Quiz Lab
Music
Kpop
Type in answers that appear in a list
Type in answers that appear in a list
Classic
Best Score? Go Orange.
Kpop Girl Groups by 1 Member Stats
Can you name the Kpop Girl Groups by 1 Member?
By
Nimbus14
10m
54 Questions
2,210 Plays
2,210 Plays
2,210 Plays
Comments
Comments
Give Quiz Kudos
Give Quiz Kudos
-
- Ratings
hide this ad
Replay
Link that replays current quiz
Next Quiz
Link to next quiz in quiz playlist
You Got
0%
They Got
Avg Score
57%
Avg Friend Score
Upgrade to see
Score Distribution
Jump to the score distribution portion of the page
Score
0/54
Timer
10:00
1
Play Today
Group
Members
% Correct
Twice
Nayeon, Jeongyeon, Momo, Sana, Jihyo, Mina, Dahyun, Chaeyoung, Tzuyu
96.6%
Black Pink
Jisoo, Jennie, Rose, Lisa
96%
Red Velvet
Irene, Seulgi, Wendy, Joy, Yeri
96%
AOA
Jimin, Yuna, Hyejeong, Mina, Seolhyun, Chanmi
96%
2NE1
Bom, Dara, CL, Minzy
95.3%
SNSD
Taeyeon, Sunny, Tiffany, Hyoyeon, Yuri, Sooyoung, Yoona, Seohyun
94%
Miss A
Fei, Min, Suzy
93.2%
f(x)
Victoria, Amber, Luna, Krystal
92.6%
Exid
Solji, LE, Hani, Hyerin, Junghwa
90.9%
Mamamoo
Solar, Moonbyul, Wheein, Hwasa
90.2%
Gfriend
Sowon, Yerin, Eunha, Yuju, SinB, Umji
89.9%
4Minute
Jihyun, Gayoon, Jiyoon, Hyuna, Sohyun
89.8%
Gugudan
Mimi, Hana, Haebin, Nayoung, Sejeong, Sally, Sohee, Mina, Hyeyeon
87.2%
Apink
Chorong, Bomi, Eunji, Naeun, Namjoo, Hayoung
86.2%
CLC
Seunghee, Yujin, Seungyeon, Sorn, Yeeun, Elkie, Eunbin
86%
15&
Jimin, Yerin
84.5%
Sistar
Bora, Hyolyn, Soyou, Dasom
82.6%
Lovelyz
Baby Soul, Jiae, Jisoo, Mijoo, Kei, Jin, Sujeong, Yein
82%
Wonder Girls
Yubin, Yeeun, Sunmi, Hyelim
79.9%
Girl's Day
Sojin, Yura, Minah, Hyeri
75%
Oh My Girl
Hyojung, JinE, Mimi, YooA, Seunghee, Jiho, Binnie, Arin
73.5%
WJSN
Seola, Xuan Yi, Bona, Exy, Soobin, Luda, Dawon, Eunseo, Cheng Xiao, Mei Qi, Yeoreum, Dayoung, Yeonjung
71.3%
Pristin
Nayoung, Roa, Yuha, Eunwoo, Rena, Kyulkung, Yehana, Seungyeon, Xiyeon, Kyla
71%
Weki Meki
Suyeon, Elly, Yoojung, Sei, Lua, Rina, Lucy
66.2%
Brown Eyed Girls
JeA, Miryo, Narsha, Gain
63.4%
Kara
Gyuri, Seungyeon, Hara, Youngji
63.2%
DIA
Eunice, Huihyeon, Jenny, Yebin, Eunjin, Chaeyeon, Eunchae
62.8%
Group
Members
% Correct
T-
ara
Boram, Qri, Soyeon, Eunjung, Hyomin, Jiyeon
61.8%
Tahiti
Miso, Minjae, Jerry, Jisoo, Ari
59%
Ladies' Code
Ashley, Sojung, Zuny
54.7%
Hello Venus
Alice, Nara, Lime, Yooyoung, Seoyoung, Yeoreum
51.4%
The Ark
Minju, Yuna, Yujin, Halla, Jane
50%
Crayon Pop
Gummi, Ellin, Choa, Way
48.3%
Nine Muses
Sungah, Kyungri, Hyemi, Sojin, Keumjo
47.3%
Fiestar
Jei, Cao Lu, Linzy, Hyemi, Yezi
47%
Laboum
Yujeong, Soyeon, ZN, Haein, Solbin, Yulhee
44%
Secret
Hyoseong, Hana, Jieun
38.8%
Glam
Zinni, Jiyeon, Dahee, Miso
36.1%
Dal Shabet
Serri, Ah Young, Woohee, Subin
35.3%
Sonamoo
Sumin, Minjae, D.ana, Nahyun, Euijin, High. D, New Sun
34.3%
Bestie
Hyeyeon, Uji, Dahye, Haeryung
33.9%
Spica
Boa, Sihyun, Narae, Jiwon, Bohyung
31.7%
Rainbow
Woori, Seungah, Jaekyung, Noeul, Yoonhye, Jisook, Hyunyoung
30.6%
Davichi
Haeri, Minkyung
29.3%
2eyes
Hyangsook, Hyerin, Dasom, Daeun
27.3%
Stellar
Gayoung, Minhee, Hyoyeun, Soyoung, Jeonyul
22.6%
Berry Good
Taeha, Johyun, Seoyul, Daye, Sehyung, Gowoon
22.1%
Tiny-
G
Mint, Dohee, J. Min, Myungji
18.8%
Bulldok
Sora, Genie, Kimi, Say, Hyungeun
18.5%
Melody Day
Yeoeun, Yoomin, Yein, Chahee
16.7%
EvoL
Yull, Jucy, Say, Hayana, J-Da
11%
Purfles
Geonhee, Eunyoung, Wooyoung
8.3%
Lip Service
Bipa, Anna
7.3%
Brave Girls
Minyoung, Yujeong, Eunji, Yuna, Hyeran, Hayun
0.2%
Quiz Playlist
Details
Report
Send in Message
Add To Playlist
Classic:
Type in answers that appear in a list
Last Updated: Aug 21, 2017
Quiz Scoreboard
CHALLENGE
Sign Up to Join the Scoreboard
Show All
Scores
Hide
Comments
May contain spoilers
Recently Published
Billboard Blitz: Fleetwood Mac
by CooCooCachoo
Music
15s
Presidents Visiting Landmarks
by Hejman
History
7m
An Introduction to Baseball
by treessimontrees
Sports
5m
More to Explore
Quiz From the Vault
Featured Blog Post
Where Did the Easter Bunny Come From?
hide this ad
You Might Also Like...
Tags
Kpop Quiz
Kpop Quiz
Today's Top Quizzes in Music
Browse Music
hide this ad
Today's Top Quizzes in Kpop
Browse Kpop
Top Contributed Quizzes in Music
1
Taylor Swift All Songs (2024)
2
Guess the Artist- 70s Songs
3
7-to-1: Billboard Hot 100 #1 Hits of 2010s
4
Sorting Albums and Songs
5
Taylor Swift Logic Puzzle
6
KPOP LOGIC QUIZ
7
2010s Album by Cover III
8
One Thing in Common: Music
9
Guess the Taylor Swift song (Mystery Song)
10
Guess The Taylor Swift Lyrics Song #1
Explore More
Trending Topics
Anime
Disney
Kpop
NBA
Harry Potter
Marvel
Crossword
Pokémon
Song
Puzzle
WWE
The Office
NFL
Country
Soccer
hide this ad
More By:
Nimbus14
Quiz
Plays
Rating
Category
Featured
Created
NCT 127 Quiz
14,938
4.00
Music
Apr 22, 2018
BTS & Got7 Oldest to Youngest
11,938
3.63
Music
Nov 22, 2017
Loona Members in Order of Debut
6,880
5.00
Music
Apr 7, 2018
Who Sings It (Kpop 2017)
2,407
4.80
Music
Dec 17, 2017
NCT Quiz
2,383
3.50
Music
Mar 15, 2018
Go to Creator's Profile
Score Distribution
Quiz Creator Spotlight
Nimbus14
Follow
Send a Message
Quizzes Created
-
Created Quiz Play Count
-
More By This Creator
Popular Quizzes Today
1
Find the US States - No Outlines Minefield
2
Find the Countries of Europe - No Outlines Minefield
3
The Countries of the World
4
Find the US States
5
US States
6
Risky Map Clicking: Biggest States A-Z
7
Popular People in 1961
8
Movies - When Are They Set?
More Music Quizzes
Pick My Album 'R'
Published
Trending Quizzes
Risky Map Clicking: Least Populous States A-Z
1-10 Letter G Words
1-10 Letter F Words
Risky Map Clicking: Next State Alphabetically
Risky Map Clicking: Biggest States A-Z
Recently Updated
Leaping Animals
pecheneg
Reality TV Shows (A-Z)
bhenderson79
Rickey Henderson's Hall of Fame Teammates
pecheneg
Champions League XIs: Arsenal
pecheneg
Quick Pick: Celebrities in WWE's Hall of Fame
aduchscher
A-Z Keypad Blitz II
pecheneg
Multiple Oscar Actors
pecheneg
Mystery Phrase Blitz: Oscar 'Best Actors'
pecheneg
F. Scott Fitzgerald Novels
LTH
Pick 3 Villains
ddd62291
Trending Topics
Harry Potter
Kpop
Marvel
Disney
Anime
NBA
Crossword
Country
The Office
Pokémon
NFL
Puzzle
WWE
Soccer
Song
Your Account Isn't Verified!
In order to create a playlist on Sporcle, you need to verify the email address you used during registration. Go to your
Sporcle Settings
to finish the process.
Report this User
Report this user for behavior that violates our
Community Guidelines
.
Details:
Send Report
Go to the Sporcle.com Mobile Site →
Comments